Prisons and reformatories at home and abroard (Record no. 162600)
[ view plain ]
| 000 -LEADER | |
|---|---|
| campo de control de longitud fija | 00824nam a2200169 i 4500 |
| 001 - NÚMERO DE CONTROL | |
| campo de control | 162600 |
| 003 - IDENTIFICADOR DE NÚMERO DE CONTROL | |
| campo de control | ES-MaACL |
| 005 - FECHA Y HORA DE LA ÚLTIMA TRANSACCIÓN | |
| campo de control | 20230906212548.0 |
| 008 - DATOS DE LONGITUD FIJA--INFORMACIÓN GENERAL | |
| campo de control de longitud fija | 041122s1872 xxk |||| | eng d |
| 245 00 - MENCIÓN DEL TÍTULO | |
| Título | Prisons and reformatories at home and abroard |
| Resto del título | : being the transactions of the International Penitentiary Congress, held in London July 3-13, 1872 : including official documents, discussions and papers presented to the Congress / |
| Mención de responsabilidad, etc. | edited by Edwin Pears. |
| 260 ## - PUBLICACIÓN, DISTRIBUCIÓN, ETC. | |
| Lugar de publicación, distribución, etc. | London : |
| Nombre del editor, distribuidor, etc. | Longmans, Green and Co., |
| Fecha de publicación, distribución, etc. | 1872 ( |
| Fabricante | Pottiswoode and Co.) |
| 300 ## - DESCRIPCIÓN FÍSICA | |
| Extensión | XX, 796 p. ; |
| Dimensiones | 24 cm. |
| 650 #4 - PUNTO DE ACCESO ADICIONAL DE MATERIA--TÉRMINO DE MATERIA | |
| Término de materia o nombre geográfico como elemento de entrada | Establecimientos penitenciarios- |
| Subdivisión geográfica | Europa. |
| 9 (RLIN) | 150594 |
| 700 1# - ENTRADA AGREGADA--NOMBRE PERSONAL | |
| Nombre de persona | Pears, Edwin. |
| 9 (RLIN) | 130926 |
| 711 2# - ENTRADA AGREGADA--NOMBRE DE REUNIÓN | |
| Nombre de congreso/reunión o jurisdicción como elemento de entrada | International Penitentiary Congress ( |
| Fecha del congreso o de la firma del tratado | 1872. |
| Sede del congreso/Lugar de la reunión | London) |
| 9 (RLIN) | 135165 |
| 852 ## - LOCALIZACIÓN | |
| Ubicación | ES-MaACL |
| Número de control de estantería | D-154 |
| Nota libre | - Enc. tela |
| -- | . - Donativo Lastres |
| Estatus retirado | Estado de pérdida | Estado de daño | No para préstamo | Colección | Biblioteca de origen | Biblioteca actual | Ubicación en estantería | Fecha de adquisición | Fuente de adquisición | Total de préstamos | Signatura topográfica completa | Código de barras | Visto por última vez | Precio de reemplazo | Tipo de ítem Koha |
|---|---|---|---|---|---|---|---|---|---|---|---|---|---|---|---|
| Libros del s. XIX | Biblioteca del Ateneo de Madrid | Biblioteca del Ateneo de Madrid | Sala Valle Inclán | 17/01/2008 | D-154 | 901170344 | 23/02/2023 | 23/02/2023 | Libro impreso antiguo |
